Introduction to numerical analysis
Wedi'i Gadw mewn:
| Prif Awdur: | |
|---|---|
| Fformat: | Llyfr |
| Iaith: | Saesneg |
| Cyhoeddwyd: |
Reading
Addison-Wesley Publishing Company
1965
|
| Cyfres: | Adiwes International Series
|
| Pynciau: | |
| Tagiau: |
Ychwanegu Tag
Dim Tagiau, Byddwch y cyntaf i dagio'r cofnod hwn!
|
MARC
| LEADER | 00000cam a2200000 a 4500 | ||
|---|---|---|---|
| 001 | UCF2826 | ||
| 003 | CL-VaPUC | ||
| 008 | 120910e19650000US |||||||||||||||||eng|d | ||
| 082 | 0 | 4 | |a 519.4 |b FRO |2 21 |
| 100 | 0 | |a Froberg, Carl-Erik |e author |9 564651 | |
| 245 | 1 | 0 | |a Introduction to numerical analysis |
| 300 | |a 340 p | ||
| 942 | |c BK | ||
| 945 | |d 20120910 00:00:00 |a dcastane | ||
| 260 | |a Reading |b Addison-Wesley Publishing Company |c 1965 | ||
| 650 | 0 | |a Análisis matemático |9 260146 | |
| 650 | 0 | |a Análisis numérico |9 259387 | |
| 583 | |a last modification |c 20120910 11:39:00 |k Rodrigo Vera | ||
| 490 | 0 | |a Adiwes International Series | |
| 999 | |c 349364 |d 349362 | ||
| 952 | |0 0 |1 0 |4 0 |6 519_400000000000000_FRO_1965 |7 0 |8 A |9 451970 |a BIBMAT |b BIBMAT |d 2019-11-22 |i 4888391 |o 519.4 FRO 1965 |p 4888391 |r 2025-01-07 |w 2019-11-22 |y BK |k MAT | ||